000 00267nam a2200121 i 4500
001 bg
245 0 _aNauka o polityce /
_cpod red. Z. Bloka.
260 _aPoznaƄ,
_c1985.
040 _cBPK
041 _apol
942 _cKS
008 s pl f |000 0 pol
999 _c3143
_d3143
856 _uhttp://koha.tu.koszalin.pl/cgi-bin/koha/opac-detail.pl?biblionumber=3143
_yKatalog online BPK